ARRUPE JESUIT UNIVERSITY

CORONAVIRUS -STOP THE SPREAD - CLEAN,DISINFECT,COVER

Realism rescued : (Record no. 122093)

MARC details
000 -LEADER
fixed length control field 01149pam a2200313 a 4500
001 - CONTROL NUMBER
control field 3962800
003 - CONTROL NUMBER IDENTIFIER
control field ARRUPE
005 - DATE AND TIME OF LATEST TRANSACTION
control field 20150218121954.0
008 - FIXED-LENGTH DATA ELEMENTS--GENERAL INFORMATION
fixed length control field 941128s1995 ilua b 001 0 eng
010 ## - LIBRARY OF CONGRESS CONTROL NUMBER
LC control number 94047940
020 ## - INTERNATIONAL STANDARD BOOK NUMBER
International Standard Book Number 0812692888
020 ## - INTERNATIONAL STANDARD BOOK NUMBER
International Standard Book Number 0812692896 (pbk.)
040 ## - CATALOGING SOURCE
Original cataloging agency DLC
Transcribing agency DLC
Modifying agency DLC
050 00 - LIBRARY OF CONGRESS CALL NUMBER
Classification number Q175.32.R42
Item number A76 1995
082 00 - DEWEY DECIMAL CLASSIFICATION NUMBER
Classification number 507.2
Edition number 20
300 ## - PHYSICAL DESCRIPTION
Other physical details ill. ;
Dimensions 24 cm.
100 1# - MAIN ENTRY--PERSONAL NAME
Personal name Aronson, Jerrold L.,
Dates associated with a name 1940-
9 (RLIN) 15271
245 10 - TITLE STATEMENT
Title Realism rescued :
Remainder of title how scientific progress is possible /
Statement of responsibility, etc Jerrold L. Aronson, Rom Harré, Eileen Cornell Way.
260 ## - PUBLICATION, DISTRIBUTION, ETC. (IMPRINT)
Place of publication, distribution, etc Chicago :
Name of publisher, distributor, etc Open Court,
Date of publication, distribution, etc c1995.
300 ## - PHYSICAL DESCRIPTION
Extent viii, 213 p. :
504 ## - BIBLIOGRAPHY, ETC. NOTE
Bibliography, etc Includes bibliographical references (p. [204]-208) and indexes.
650 #0 - SUBJECT ADDED ENTRY--TOPICAL TERM
Topical term or geographic name as entry element Realism.
9 (RLIN) 11315
650 #0 - SUBJECT ADDED ENTRY--TOPICAL TERM
Topical term or geographic name as entry element Science
General subdivision Methodology.
9 (RLIN) 15272
650 #0 - SUBJECT ADDED ENTRY--TOPICAL TERM
Topical term or geographic name as entry element Research
General subdivision Methodology.
9 (RLIN) 15273
700 1# - ADDED ENTRY--PERSONAL NAME
Personal name Harré, Rom.
9 (RLIN) 14104
700 1# - ADDED ENTRY--PERSONAL NAME
Personal name Way, Eileen Cornell.
9 (RLIN) 15274
906 ## - LOCAL DATA ELEMENT F, LDF (RLIN)
a 7
b cbc
c orignew
d 1
e ocip
f 19
g y-gencatlg
942 ## - ADDED ENTRY ELEMENTS (KOHA)
Source of classification or shelving scheme Library of Congress Classification
Koha item type Monograph ( Printed materials)
Holdings
Withdrawn status Lost status Source of classification or shelving scheme Damaged status Not for loan Collection code Home library Current library Shelving location Date acquired Total Checkouts Full call number Barcode Date last seen Date checked out Price effective from Koha item type
    Library of Congress Classification     Main Collection ARRUPE LIBRARY ARRUPE LIBRARY Main Collection 18/02/2015 2 Q175.32.R42 A76 1995 46500002911 03/07/2019 26/10/2018 18/02/2015 Monograph ( Printed materials)

 

Arrupe Library. PO Box MP320 Mt Pleasant, Harare, Zimbabwe
263 242 745411|librarian@aju.ac.zw